Blitz: Letter Count States Quiz Stats

Quiz Updated Mar 27, 2018

Challenge
Share
Tweet
Embed
Score 0/10 Timer 01:00
0 Plays Today
# Of Letters Name a State! % Correct
4 LettersIowa, Ohio…
75.8%
5 LettersIdaho, Maine…
66.8%
7 LettersAlabama, Arizona…
64.5%
8 LettersArkansas, Colorado…
54.1%
6 LettersAlaska, Hawaii…
51.4%
11 LettersConnecticut, Mississippi…
46.6%
10 LettersCalifornia, Washington
41%
13 LettersMassachusetts, North Carolina…
40.7%
9 LettersLouisiana, Minnesota…
39.6%
12 LettersNew Hampshire, Pennsylvania…
33.5%

You're not logged in!

Compare scores with friends on all Sporcle quizzes.
Sign Up with Email
OR
Log In

You Might Also Like...

Show Comments

Extras

Top Quizzes Today


Score Distribution

Your Account Isn't Verified!

In order to create a playlist on Sporcle, you need to verify the email address you used during registration. Go to your Sporcle Settings to finish the process.

Report this User

Report this user for behavior that violates our Community Guidelines.

Details: